A book of plays. (Record no. 549344)
[ view plain ]
| 000 -LEADER | |
|---|---|
| fixed length control field | 00563cam a22001931 4500 |
| 082 ## - DEWEY DECIMAL CLASSIFICATION NUMBER | |
| Classification number | 822 |
| Author Mark | DAV |
| -- | L-29, P-91 |
| 100 1# - MAIN ENTRY--PERSONAL NAME | |
| Personal name | David, Agnes, |
| 9 (RLIN) | 45958 |
| 245 12 - TITLE STATEMENT | |
| Title | A book of plays. |
| 260 ## - PUBLICATION, DISTRIBUTION, ETC. | |
| Place of publication, distribution, etc. | New York, |
| Name of publisher, distributor, etc. | Macmillan |
| Date of publication, distribution, etc. | [c1960] |
| 300 ## - PHYSICAL DESCRIPTION | |
| Extent | 245 p. |
| Dimensions | 21 cm. |
| Other physical details | illus |
| 490 0# - SERIES STATEMENT | |
| Series statement | The Pageant of literature |
| 526 ## - STUDY PROGRAM INFORMATION NOTE | |
| Program name | 0 |
| Interest level | 0 |
| Reading level | 0 |
| Title point value | 822_000000000000000_DAV |
| 526 ## - STUDY PROGRAM INFORMATION NOTE | |
| Program name | 0 |
| Interest level | 0 |
| Reading level | 0 |
| Title point value | 822_000000000000000_DAV |
| 650 #0 - SUBJECT ADDED ENTRY--TOPICAL TERM | |
| Topical term or geographic name entry element | American drama. |
| 9 (RLIN) | 45959 |
| 650 #0 - SUBJECT ADDED ENTRY--TOPICAL TERM | |
| Topical term or geographic name entry element | English drama. |
| 9 (RLIN) | 45960 |
| 650 #0 - SUBJECT ADDED ENTRY--TOPICAL TERM | |
| Topical term or geographic name entry element | English language |
| General subdivision | Rhetoric |
| 9 (RLIN) | 3245 |
| 650 #0 - SUBJECT ADDED ENTRY--TOPICAL TERM | |
| Topical term or geographic name entry element | MCE |
| 9 (RLIN) | 379 |
| 942 ## - ADDED ENTRY ELEMENTS (KOHA) | |
| Source of classification or shelving scheme | |
| Koha item type | Book |
| Withdrawn status | Lost status | Source of classification or shelving scheme | Damaged status | Not for loan | Permanent Location | Current Location | Date acquired | Total Checkouts | Full call number | Barcode | Date last seen | Price effective from | Koha item type |
|---|---|---|---|---|---|---|---|---|---|---|---|---|---|
| Military College of Engineering (MCE) | Military College of Engineering (MCE) | 09/23/2014 | 822 DAV | MCE-2589 | 09/23/2014 | 09/23/2014 | Book | ||||||
| Military College of Engineering (MCE) | Military College of Engineering (MCE) | 09/25/2014 | 822 DAV | MCE-2589/1 | 09/25/2014 | 09/25/2014 | Book |
